[Event "U18 Burschen rapid"]
[Site "AUT_boys_U18"]
[Date "2020.12.13"]
[Round "1"]
[White "Couvervan"]
[Black "DoHoChess"]
[Result "0-1"]
[WhiteElo "1603"]
[BlackElo "2248"]
[PlyCount "70"]
[EventDate "2020.12.13"]
[EventType "blitz"]

1. e4 {[%emt 0:00:03]} e6 {[%emt 0:00:11]} 2. d4 {[%emt 0:00:14]} d5 {[%emt 0:00:02]} 3. exd5 {[%emt 0:00:02]} exd5 {[%emt 0:00:02]} 4. Nf3 {[%emt 0:00:00]} Nc6 {[%emt 0:00:01]} 5. Bd3 {[%emt 0:00:11]} Bd6 {[%emt 0:00:03]} 6. h3 {[%emt 0:00:08]} Nge7 {[%emt 0:00:02]} 7. O-O {[%emt 0:00:02]} O-O {[%emt 0:00:06]} 8. Bg5 {[%emt 0:00:24]} f6 {[%emt 0:00:05]} 9. Bd2 {[%emt 0:00:17]} Bf5 {[%emt 0:00:04]} 10. Bxf5 {[%emt 0:00:23]} Nxf5 {[%emt 0:00:00]} 11. c3 {[%emt 0:00:20]} Qd7 {[%emt 0:00:31]} 12. b4 {[%emt 0:01:03]} a5 {[%emt 0:00:26]} 13. b5 {[%emt 0:00:18]} Na7 {[%emt 0:00:02]} 14. a4 {[%emt 0:00:02]} Nc8 {[%emt 0:00:01]} 15. Qb3 {[%emt 0:00:55]} Nb6 {[%emt 0:00:05]} 16. Bc1 {[%emt 0:00:33]} Rae8 {[%emt 0:00:38]} 17. Ba3 {[%emt 0:00:13]} Re2 {[%emt 0:00:22]} 18. Nbd2 {[%emt 0:00:25]} Rfe8 {[%emt 0:00:18]} 19. Bc5 {[%emt 0:00:36]} Bxc5 {[%emt 0:02:09]} 20. dxc5 {[%emt 0:00:01]} Nc8 {[%emt 0:00:00]} 21. Rae1 {[%emt 0:00:22]} Kh8 {[%emt 0:00:43]} 22. Rxe2 {[%emt 0:00:09]} Rxe2 {[%emt 0:00:00]} 23. Re1 {[%emt 0:00:01]} Rxe1+ {[%emt 0:00:17]} 24. Nxe1 {[%emt 0:00:00]} Nce7 {[%emt 0:00:26]} 25. Ndf3 {[%emt 0:00:41]} Qe6 {[%emt 0:00:28]} 26. Nd3 {[%emt 0:00:25]} Qe4 {[%emt 0:00:06]} 27. Nb2 {[%emt 0:01:06]} Ng6 {[%emt 0:00:24]} 28. Qd1 {[%emt 0:00:18]} Nf4 {[%emt 0:00:08]} 29. Kf1 {[%emt 0:00:40]} h6 {[%emt 0:00:36]} 30. Qe1 {[%emt 0:00:35]} Qc2 {[%emt 0:00:16]} 31. g4 {[%emt 0:00:15]} Qxb2 {[%emt 0:00:27]} 32. gxf5 {[%emt 0:00:01]} Kh7 {[%emt 0:00:02]} 33. Nd4 {[%emt 0:00:30]} Nd3 {[%emt 0:00:19]} 34. Qe2 {[%emt 0:00:03]} Qc1+ {[%emt 0:00:07]} 35. Kg2 {[%emt 0:00:02]} Nf4+ {[%emt 0:00:01] Couvervan resigns} 0-1

[Event "U18 Burschen rapid"]
[Site "AUT_boys_U18"]
[Date "2020.12.13"]
[Round "1"]
[White "Johannes11"]
[Black "Sebsep1"]
[Result "0-1"]
[WhiteElo "1560"]
[BlackElo "2090"]
[Annotator "NA"]
[PlyCount "64"]
[EventDate "2020.12.13"]
[EventType "blitz"]

1. c4 {[%emt 0:00:08]} Nf6 {[%emt 0:00:02]} 2. Nc3 {[%emt 0:00:06]} g6 {[%emt 0:00:02]} 3. Nf3 {[%emt 0:00:02]} Bg7 {[%emt 0:00:02]} 4. g3 {[%emt 0:00:02]} O-O {[%emt 0:00:02]} 5. Bg2 {[%emt 0:00:01]} d6 {[%emt 0:00:01]} 6. O-O {[%emt 0:00:02]} Nc6 {[%emt 0:00:02]} 7. d4 {[%emt 0:00:02]} Bf5 {[%emt 0:00:05]} 8. e3 {[%emt 0:00:33]} e5 {[%emt 0:00:20]} 9. d5 {[%emt 0:00:09]} Ne7 {[%emt 0:00:12]} 10. Nh4 {[%emt 0:00:54]} Bg4 {[%emt 0:01:10]} 11. Qc2 {[%emt 0:00:20]} g5 {[%emt 0:00:04]} 12. Nf3 {[%emt 0:00:20]} h6 {[%emt 0:00:08]} 13. Bd2 {[%emt 0:00:44]} Bf5 {[%emt 0:00:42]} 14. Qc1 {[%emt 0:00:59]} Bd3 {[%emt 0:00:32]} 15. Re1 {[%emt 0:00:22]} Bxc4 {[%emt 0:00:07]} 16. e4 {[%emt 0:00:41]} c6 {[%emt 0:00:20]} 17. b3 {[%emt 0:00:20]} Ba6 {[%emt 0:00:20]} 18. Bxg5 {[%emt 0:01:33]} hxg5 {[%emt 0:00:11]} 19. Nxg5 {[%emt 0:00:00]} cxd5 {[%emt 0:00:23]} 20. exd5 {[%emt 0:00:16]} Bd3 {[%emt 0:00:12]} 21. f4 {[%emt 0:00:11]} Ng6 {[%emt 0:00:47]} 22. Nce4 {[%emt 0:00:34]} Nxe4 {[%emt 0:00:09]} 23. Bxe4 {[%emt 0:00:02]} Bxe4 {[%emt 0:00:03]} 24. Rxe4 {[%emt 0:00:05]} exf4 {[%emt 0:00:02]} 25. gxf4 {[%emt 0:00:10]} Bxa1 {[%emt 0:01:09]} 26. Qxa1 {[%emt 0:00:06]} Re8 {[%emt 0:00:33]} 27. Rc4 {[%emt 0:01:14]} Rc8 {[%emt 0:00:46]} 28. Qc3 {[%emt 0:00:20]} Rxc4 {[%emt 0:00:09]} 29. bxc4 {[%emt 0:00:21]} Qb6+ {[%emt 0:00:19]} 30. Kf1 {[%emt 0:00:22]} Qe3 {[%emt 0:00:18]} 31. Qf6 {[%emt 0:00:26]} Qxf4+ {[%emt 0:00:06]} 32. Qxf4 {[%emt 0:00:03]} Nxf4 {[%emt 0:00:00] Johannes11 resigns} 0-1

[Event "U18 Burschen rapid"]
[Site "AUT_boys_U18"]
[Date "2020.12.13"]
[Round "2"]
[White "Sebsep1"]
[Black "Dagobert Duck"]
[Result "1-0"]
[WhiteElo "2092"]
[BlackElo "2033"]
[PlyCount "23"]
[EventDate "2020.12.13"]
[EventType "blitz"]

1. e4 {[%emt 0:00:02]} d6 {[%emt 0:00:01]} 2. Nf3 {[%emt 0:00:02]} Nf6 {[%emt 0:00:21]} 3. Nc3 {[%emt 0:00:02]} g6 {[%emt 0:00:03]} 4. g3 {[%emt 0:00:14]} Bg7 {[%emt 0:00:03]} 5. Bg2 {[%emt 0:00:02]} O-O {[%emt 0:00:01]} 6. O-O {[%emt 0:00:04]} Nc6 {[%emt 0:01:08]} 7. d3 {[%emt 0:00:19]} a6 {[%emt 0:00:54]} 8. a4 {[%emt 0:00:17]} Rb8 {[%emt 0:00:41]} 9. h3 {[%emt 0:01:07]} b5 {[%emt 0:00:23]} 10. axb5 {[%emt 0:00:03]} axb5 {[%emt 0:00:00]} 11. Be3 {[%emt 0:00:14]} b4 {[%emt 0:00:10]} 12. Nd5 {[%emt 0:00:15]} 1-0

[Event "U18 Burschen rapid"]
[Site "AUT_boys_U18"]
[Date "2020.12.13"]
[Round "2"]
[White "Paligator"]
[Black "UrosN"]
[Result "1-0"]
[WhiteElo "2017"]
[BlackElo "1831"]
[Annotator "NA"]
[PlyCount "29"]
[EventDate "2020.12.13"]
[EventType "blitz"]

1. c4 {[%emt 0:00:00]} e6 {[%emt 0:00:02]} 2. Nf3 {[%emt 0:00:02]} d5 {[%emt 0:00:01]} 3. g3 {[%emt 0:00:01]} Nf6 {[%emt 0:00:02]} 4. Bg2 {[%emt 0:00:01]} Be7 {[%emt 0:00:09]} 5. O-O {[%emt 0:00:01]} c6 {[%emt 0:00:03]} 6. b3 {[%emt 0:00:02]} O-O {[%emt 0:00:02]} 7. Bb2 {[%emt 0:00:02]} Nbd7 {[%emt 0:00:02]} 8. d3 {[%emt 0:00:03]} c5 {[%emt 0:00:53]} 9. e3 {[%emt 0:00:08]} b6 {[%emt 0:00:12]} 10. Nc3 {[%emt 0:00:11]} Bb7 {[%emt 0:00:02]} 11. Qe2 {[%emt 0:00:01]} Rc8 {[%emt 0:00:35]} 12. Nd2 {[%emt 0:01:12]} Qc7 {[%emt 0:00:09]} 13. f4 {[%emt 0:00:10]} Rfd8 {[%emt 0:00:19]} 14. g4 {[%emt 0:01:25]} dxc4 {[%emt 0:00:03]} 15. bxc4 {[%emt 0:00:06]} 1-0

[Event "U18 Burschen rapid"]
[Site "AUT_boys_U18"]
[Date "2020.12.13"]
[Round "2"]
[White "Pernerstorfer_Max"]
[Black "Beckenbauer23"]
[Result "0-1"]
[WhiteElo "1913"]
[BlackElo "2116"]
[Annotator "NA"]
[PlyCount "34"]
[EventDate "2020.12.13"]
[EventType "blitz"]

1. e4 {[%emt 0:00:00]} c5 {[%emt 0:00:02]} 2. Nf3 {[%emt 0:00:01]} g6 {[%emt 0:00:10]} 3. d4 {[%emt 0:00:02]} cxd4 {[%emt 0:00:02]} 4. Nxd4 {[%emt 0:00:00]} Bg7 {[%emt 0:00:06]} 5. Nc3 {[%emt 0:00:02]} Nc6 {[%emt 0:00:07]} 6. Be3 {[%emt 0:00:01]} Nf6 {[%emt 0:00:02]} 7. Bc4 {[%emt 0:00:01]} O-O {[%emt 0:00:03]} 8. Bb3 {[%emt 0:00:01]} d6 {[%emt 0:00:14]} 9. f3 {[%emt 0:00:04]} Bd7 {[%emt 0:00:03]} 10. Qd2 {[%emt 0:00:02]} Rc8 {[%emt 0:00:04]} 11. O-O-O {[%emt 0:00:03]} Ne5 {[%emt 0:00:08]} 12. Bh6 {[%emt 0:00:35]} Bxh6 {[%emt 0:00:09]} 13. Qxh6 {[%emt 0:00:03]} Rxc3 {[%emt 0:00:00]} 14. bxc3 {[%emt 0:00:06]} Qa5 {[%emt 0:00:00]} 15. Qe3 {[%emt 0:00:27]} Rc8 {[%emt 0:00:13]} 16. Kd2 {[%emt 0:00:32]} b5 {[%emt 0:01:14]} 17. a3 {[%emt 0:01:02]} Kg7 {[%emt 0:00:53]} 0-1

[Event "U18 Burschen rapid"]
[Site "AUT_boys_U18"]
[Date "2020.12.13"]
[Round "2"]
[White "Nicolas Moser"]
[Black "Schröttner Tobias"]
[Result "1-0"]
[WhiteElo "1624"]
[BlackElo "1607"]
[Annotator "NA"]
[PlyCount "32"]
[EventDate "2020.12.13"]
[EventType "blitz"]

1. e4 {[%emt 0:00:02]} c6 {[%emt 0:00:01]} 2. d4 {[%emt 0:00:01]} d5 {[%emt 0:00:01]} 3. exd5 {[%emt 0:00:01]} cxd5 {[%emt 0:00:01]} 4. Bd3 {[%emt 0:00:01]} Nc6 {[%emt 0:00:01]} 5. c3 {[%emt 0:00:01]} Nf6 {[%emt 0:00:01]} 6. Bf4 {[%emt 0:00:25]} e6 {[%emt 0:00:04]} 7. Nd2 {[%emt 0:00:18]} Be7 {[%emt 0:00:06]} 8. h3 {[%emt 0:00:13]} a6 {[%emt 0:00:10]} 9. a4 {[%emt 0:00:35]} Bd7 {[%emt 0:00:10]} 10. Ngf3 {[%emt 0:00:19]} O-O {[%emt 0:00:11]} 11. O-O {[%emt 0:00:07]} a5 {[%emt 0:00:12]} 12. Ne5 {[%emt 0:00:26]} Rc8 {[%emt 0:00:06]} 13. Ndf3 {[%emt 0:00:47]} Nxe5 {[%emt 0:00:17]} 14. Nxe5 {[%emt 0:00:08]} Bc6 {[%emt 0:00:02]} 15. Bb1 {[%emt 0:00:49]} Qb6 {[%emt 0:00:05]} 16. Qc2 {[%emt 0:00:20]} g6 {[%emt 0:00:15]} 1-0

[Event "U18 Burschen rapid"]
[Site "AUT_boys_U18"]
[Date "2020.12.13"]
[Round "2"]
[White "Laurin3006"]
[Black "Sachsenbrunnb3"]
[Result "0-1"]
[WhiteElo "1617"]
[BlackElo "1758"]
[Annotator "NA"]
[PlyCount "27"]
[EventDate "2020.12.13"]
[EventType "blitz"]

1. d4 {[%emt 0:00:02]} Nf6 {[%emt 0:00:02]} 2. c4 {[%emt 0:00:02]} g6 {[%emt 0:00:01]} 3. Nc3 {[%emt 0:00:02]} Bg7 {[%emt 0:00:01]} 4. e4 {[%emt 0:00:01]} d6 {[%emt 0:00:01]} 5. Nf3 {[%emt 0:00:01]} O-O {[%emt 0:00:01]} 6. Be3 {[%emt 0:00:01]} e5 {[%emt 0:00:02]} 7. d5 {[%emt 0:00:02]} a5 {[%emt 0:00:10]} 8. Be2 {[%emt 0:00:04]} Nh5 {[%emt 0:00:06]} 9. Nd2 {[%emt 0:01:02]} Nf4 {[%emt 0:00:04]} 10. Bxf4 {[%emt 0:00:05]} exf4 {[%emt 0:00:01]} 11. O-O {[%emt 0:00:14]} Nd7 {[%emt 0:00:15]} 12. Nf3 {[%emt 0:00:35]} Re8 {[%emt 0:00:13]} 13. Qc2 {[%emt 0:00:38]} g5 {[%emt 0:01:49]} 14. Rad1 {[%emt 0:00:33]} 0-1

[Event "U18 Burschen rapid"]
[Site "AUT_boys_U18"]
[Date "2020.12.13"]
[Round "2"]
[White "XsuperMario"]
[Black "Kreuzturm"]
[Result "0-1"]
[WhiteElo "1447"]
[BlackElo "1949"]
[Annotator "NA"]
[PlyCount "30"]
[EventDate "2020.12.13"]
[EventType "blitz"]

1. d4 {[%emt 0:00:03]} e6 {[%emt 0:00:02]} 2. c4 {[%emt 0:00:00]} Bb4+ {[%emt 0:00:02]} 3. Nc3 {[%emt 0:00:03]} c5 {[%emt 0:00:02]} 4. Nf3 {[%emt 0:00:02]} Nc6 {[%emt 0:00:14]} 5. e3 {[%emt 0:00:01]} Bxc3+ {[%emt 0:00:02]} 6. bxc3 {[%emt 0:00:02]} d6 {[%emt 0:00:01]} 7. Bd3 {[%emt 0:00:09]} e5 {[%emt 0:00:02]} 8. d5 {[%emt 0:00:10]} Nce7 {[%emt 0:00:02]} 9. e4 {[%emt 0:00:02]} h6 {[%emt 0:00:02]} 10. O-O {[%emt 0:00:04]} Nf6 {[%emt 0:00:04]} 11. Re1 {[%emt 0:00:05]} O-O {[%emt 0:00:05]} 12. h3 {[%emt 0:00:03]} Ng6 {[%emt 0:01:17]} 13. Rb1 {[%emt 0:00:20]} Qc7 {[%emt 0:00:39]} 14. Qe2 {[%emt 0:00:26]} Qe7 {[%emt 0:00:12]} 15. Bd2 {[%emt 0:00:36]} Nh5 {[%emt 0:00:48]} 0-1